[Event "GBR-ch110 Over 65"]
[Site "Hull"]
[Date "2024.07.31"]
[Round "3.9"]
[White "Hewson, Brian WR"]
[Black "Sugden, John N"]
[Result "1-0"]
[WhiteElo "2042"]
[BlackElo "1959"]
[PlyCount "81"]
[EventDate "2024.07.29"]
[EventType "swiss"]
[EventRounds "7"]
[EventCountry "GBR"]
[SourceTitle "BritBase"]
[Source "John Saunders"]
[SourceDate "2025.02.20"]
[SourceVersion "1"]
[SourceVersionDate "2025.02.20"]
[SourceQuality "1"]

1. Nf3 c5 2. c4 g6 3. Nc3 Bg7 4. d4 cxd4 5. Nxd4 Nc6 6. Nxc6 bxc6 7. e4 d6 8. Be2 Nf6 9. O-O O-O 10. Be3 Qa5 11. Qd2 Re8 12. Rac1 Be6 13. Rfd1 Ng4 14. Bxg4 Bxg4 15. f3 Be6 16. b3 f5 17. Bd4 Bxd4+ 18. Qxd4 Qb6 19. Na4 Qxd4+ 20. Rxd4 c5 21. Rd2 fxe4 22. fxe4 Bd7 23. Nxc5 Bc6 24. Ne6 Rac8 25. Re1 Bd7 26. Nf4 Bc6 27. e5 dxe5 28. Rxe5 Rc7 29. Nd5 Bxd5 30. Rexd5 Kf7 31. Kf2 e6 32. Rd7+ Re7 33. Rxc7 Rxc7 34. Ke3 Ke7 35. Kd4 Rd7+ 36. Kc3 Rc7 37. b4 e5 38. c5 Ke6 39. Kc4 e4 40. b5 Ke5 41. c6 1-0

[Event "GBR-ch110 Over 65"]
[Site "Hull"]
[Date "2024.07.31"]
[Round "3.10"]
[White "Hutchinson, Norman A"]
[Black "Binks, Michael E"]
[Result "0-1"]
[WhiteElo "1955"]
[BlackElo "2003"]
[PlyCount "68"]
[EventDate "2024.07.29"]
[EventType "swiss"]
[EventRounds "7"]
[EventCountry "GBR"]
[SourceTitle "BritBase"]
[Source "John Saunders"]
[SourceDate "2025.02.20"]
[SourceVersion "1"]
[SourceVersionDate "2025.02.20"]
[SourceQuality "1"]

1. e4 c6 2. d4 d5 3. e5 c5 4. dxc5 Nc6 5. a3 Nxe5 6. Bb5+ Nc6 7. b4 Nf6 8. Bb2 e6 9. Nf3 Bd7 10. Qe2 Be7 11. O-O O-O 12. Nbd2 Ne8 13. c4 Bf6 14. Bxf6 Nxf6 15. cxd5 Nxd5 16. Bc4 a6 17. Ne4 Qc7 18. Rfd1 Nce7 19. Qc2 h6 20. Ba2 Qf4 21. Nd6 Bc6 22. Rd4 Qf6 23. Bb1 g6 24. Ne4 Qg7 25. Ra2 Rad8 26. Qd1 Nc3 27. Nxc3 Bxf3 28. Rxd8 Bxd1 29. Rxf8+ Kxf8 30. Nxd1 Qd4 31. Ne3 Nd5 32. Nf1 f5 33. Rd2 Qc3 34. Ba2 Qxa3 0-1

[Event "GBR-ch110 Over 65"]
[Site "Hull"]
[Date "2024.07.31"]
[Round "3.11"]
[White "Giulian, Philip M"]
[Black "Vickery, Jim E"]
[Result "1-0"]
[WhiteElo "2070"]
[BlackElo "1923"]
[PlyCount "53"]
[EventDate "2024.07.29"]
[EventType "swiss"]
[EventRounds "7"]
[EventCountry "GBR"]
[SourceTitle "BritBase"]
[Source "John Saunders"]
[SourceDate "2025.02.20"]
[SourceVersion "1"]
[SourceVersionDate "2025.02.20"]
[SourceQuality "1"]

1. e4 Nf6 2. e5 Nd5 3. d4 d6 4. c4 Nb6 5. exd6 cxd6 6. Nf3 g6 7. h3 Bg7 8. Be2 O-O 9. O-O e5 10. Be3 Nc6 11. Nc3 f5 12. dxe5 Nxe5 13. c5 dxc5 14. Nxe5 Bxe5 15. Bxc5 Qxd1 16. Raxd1 Rf6 17. Rd8+ Kg7 18. Bf3 Bc7 19. Re8 Re6 20. Re1 Rxe1+ 21. Rxe1 Bd8 22. Bd4+ Kf7 23. Nb5 Be7 24. Nc7 Rb8 25. Nd5 Be6 26. Nxe7 Kxe7 27. Bxb6 1-0

[Event "GBR-ch110 Over 65"]
[Site "Hull"]
[Date "2024.07.31"]
[Round "3.12"]
[White "Spanton, Tim R"]
[Black "Burnett, Jim"]
[Result "1/2-1/2"]
[WhiteElo "1928"]
[BlackElo "2039"]
[PlyCount "88"]
[EventDate "2024.07.29"]
[EventType "swiss"]
[EventRounds "7"]
[EventCountry "GBR"]
[SourceTitle "BritBase"]
[Source "John Saunders"]
[SourceDate "2025.02.20"]
[SourceVersion "1"]
[SourceVersionDate "2025.02.20"]
[SourceQuality "1"]

1. e4 e6 2. d4 d5 3. exd5 exd5 4. Nf3 Nf6 5. Bd3 Be7 6. O-O Bg4 7. Bf4 O-O 8. Nbd2 Nbd7 9. h3 Bh5 10. Re1 Re8 11. Nf1 Bg6 12. Bxg6 hxg6 13. Ng3 Nf8 14. Qd3 c6 15. Re2 Bd6 16. Rxe8 Nxe8 17. Be5 f6 18. Bxd6 Nxd6 19. Re1 Qd7 20. Nh4 Kf7 21. b3 Re8 22. Re3 Rxe3 23. Qxe3 Qe6 24. a4 Qxe3 25. fxe3 Ke6 26. Nf3 g5 27. Kf2 Ng6 28. Nh5 Kf7 29. g4 Ne4+ 30. Kg2 Ne7 31. Ng3 Nxg3 32. Kxg3 Nc8 33. Nd2 Nd6 34. Kf3 Ke6 35. c4 b6 36. c5 Nc8 37. cxb6 Nxb6 38. a5 Na8 39. b4 Nc7 40. Nb3 Kd6 41. Nc5 Nb5 42. Nb7+ Ke7 43. Nc5 Nc3 44. Nd3 Kd6 1/2-1/2

[Event "GBR-ch110 Over 65"]
[Site "Hull"]
[Date "2024.07.31"]
[Round "3.13"]
[White "Sheppard, Derek A"]
[Black "Wager, John D"]
[Result "1/2-1/2"]
[WhiteElo "1785"]
[BlackElo "2035"]
[PlyCount "63"]
[EventDate "2024.07.29"]
[EventType "swiss"]
[EventRounds "7"]
[EventCountry "GBR"]
[SourceTitle "BritBase"]
[Source "John Saunders"]
[SourceDate "2025.02.20"]
[SourceVersion "1"]
[SourceVersionDate "2025.02.20"]
[SourceQuality "1"]

1. d4 Nf6 2. Nf3 g6 3. c4 Bg7 4. Nc3 O-O 5. e4 d6 6. Be2 Na6 7. O-O c5 8. d5 Nc7 9. h3 a6 10. a4 b6 11. Bg5 Rb8 12. Qc2 b5 13. axb5 axb5 14. cxb5 Bd7 15. Ra2 Nxb5 16. Nxb5 Bxb5 17. Bxb5 Rxb5 18. Bd2 Nd7 19. Bc3 Bxc3 20. bxc3 Qb6 21. Nd2 Rb8 22. Nc4 Qc7 23. Rfa1 Ne5 24. Ra7 R5b7 25. Rxb7 Qxb7 26. Nxe5 dxe5 27. c4 f6 28. f3 Kf7 29. Ra5 Qb4 30. Ra1 h5 31. h4 Rb7 32. Kh2 1/2-1/2

[Event "GBR-ch110 Over 65"]
[Site "Hull"]
[Date "2024.07.31"]
[Round "3.14"]
[White "Jackson, Sheila"]
[Black "Ramage, Colin R"]
[Result "1/2-1/2"]
[WhiteElo "1988"]
[BlackElo "1884"]
[PlyCount "41"]
[EventDate "2024.07.29"]
[EventType "swiss"]
[EventRounds "7"]
[EventCountry "GBR"]
[SourceTitle "BritBase"]
[Source "John Saunders"]
[SourceDate "2025.02.20"]
[SourceVersion "1"]
[SourceVersionDate "2025.02.20"]
[SourceQuality "1"]

1. e4 e5 2. Nf3 Nc6 3. Bb5 a6 4. Ba4 Nf6 5. O-O Be7 6. Re1 b5 7. Bb3 O-O 8. a4 b4 9. d3 d6 10. h3 Be6 11. Nbd2 Qd7 12. Kh2 d5 13. Qe2 a5 14. Nf1 Rad8 15. Ng3 dxe4 16. Bxe6 Qxe6 17. dxe4 Nd4 18. Nxd4 exd4 19. Bf4 Rd7 20. Nf5 Rfd8 21. Rad1 1/2-1/2

[Event "GBR-ch110 Over 65"]
[Site "Hull"]
[Date "2024.07.31"]
[Round "3.15"]
[White "Pickersgill, Adrian O"]
[Black "Jerome, Stellio"]
[Result "1/2-1/2"]
[WhiteElo "1974"]
[BlackElo "1665"]
[PlyCount "73"]
[EventDate "2024.07.29"]
[EventType "swiss"]
[EventRounds "7"]
[EventCountry "GBR"]
[SourceTitle "BritBase"]
[Source "John Saunders"]
[SourceDate "2025.02.20"]
[SourceVersion "1"]
[SourceVersionDate "2025.02.20"]
[SourceQuality "1"]

1. e4 e6 2. d4 d5 3. Nc3 Bb4 4. e5 c5 5. Bd2 a6 6. a3 Ba5 7. dxc5 Qc7 8. f4 Bxc3 9. Bxc3 Qxc5 10. Bd4 Qc7 11. Nf3 Ne7 12. Bd3 Nbc6 13. Bf2 Bd7 14. O-O h6 15. Qd2 O-O-O 16. b4 Rdf8 17. b5 axb5 18. Bxb5 Qa5 19. Qxa5 Nxa5 20. Bxd7+ Kxd7 21. Rfb1 Nec6 22. Rb5 Ra8 23. Nd4 Rhb8 24. Nb3 Nc4 25. a4 b6 26. Nd4 Ra5 27. Nb3 Rxb5 28. axb5 N6a5 29. Nd4 Rc8 30. Be1 Rc7 31. Kf2 Nb7 32. Nc6 Nc5 33. Ra8 Ne4+ 34. Ke2 Rc8 35. Ra7+ Rc7 36. Ra8 Rc8 37. Ra4 1/2-1/2

[Event "GBR-ch110 Over 65"]
[Site "Hull"]
[Date "2024.07.31"]
[Round "3.16"]
[White "Phillips, William"]
[Black "Kelly, Ian G"]
[Result "1-0"]
[WhiteElo "1879"]
[BlackElo "1973"]
[PlyCount "144"]
[EventDate "2024.07.29"]
[EventType "swiss"]
[EventRounds "7"]
[EventCountry "GBR"]
[SourceTitle "BritBase"]
[Source "John Saunders"]
[SourceDate "2025.02.20"]
[SourceVersion "1"]
[SourceVersionDate "2025.02.20"]
[SourceQuality "1"]

1. d4 Nf6 2. Nf3 c5 3. d5 e6 4. c4 b5 5. cxb5 Nxd5 6. e4 Nf6 7. Nc3 d5 8. e5 Nfd7 9. Bd3 Be7 10. O-O Bb7 11. b3 Qc7 12. Re1 Nb6 13. Bb2 N8d7 14. Rc1 Rc8 15. Ne2 Qb8 16. Ng3 d4 17. Be4 Bxe4 18. Rxe4 Nd5 19. Qe2 N7b6 20. Nd2 Nc7 21. Rg4 g6 22. Nge4 Nbd5 23. Nc4 Nxb5 24. a4 Nbc3 25. Bxc3 Nxc3 26. Rxc3 dxc3 27. Ncd6+ Bxd6 28. Nxd6+ Ke7 29. Nxc8+ Rxc8 30. Qc2 Qxe5 31. Re4 Qd5 32. h3 Qd2 33. Re2 Qxc2 34. Rxc2 Rb8 35. Rxc3 Kd6 36. Rd3+ Kc6 37. Kf1 e5 38. f3 f5 39. Ke2 Rb7 40. Ke3 Rb4 41. g4 Rd4 42. Rc3 Kd5 43. Ke2 a5 44. Ke3 f4+ 45. Ke2 c4 46. h4 cxb3 47. Rxb3 Rxa4 48. Rb7 Ra2+ 49. Kd3 Ra3+ 50. Ke2 Re3+ 51. Kf2 a4 52. Rxh7 a3 53. Ra7 Kc4 54. h5 gxh5 55. gxh5 Rb3 56. h6 Rb2+ 57. Kg1 a2 58. h7 Rb1+ 59. Kg2 Rb2+ 60. Kg1 Rb8 61. Rxa2 Rh8 62. Ra7 Kd4 63. Kf2 Rb8 64. Rd7+ Kc3 65. Rb7 Rh8 66. Rd7 Kc4 67. Kg2 Kc5 68. Kh3 Kc6 69. Ra7 Kd6 70. Kg4 Ke6 71. Ra6+ Kd5 72. Ra7 Ke6 1-0

[Event "GBR-ch110 Over 65"]
[Site "Hull"]
[Date "2024.07.31"]
[Round "3.17"]
[White "Hodge, Steve R"]
[Black "Pugh, Glyn D"]
[Result "1-0"]
[WhiteElo "1962"]
[BlackElo "1856"]
[PlyCount "51"]
[EventDate "2024.07.29"]
[EventType "swiss"]
[EventRounds "7"]
[EventCountry "GBR"]
[SourceTitle "BritBase"]
[Source "John Saunders"]
[SourceDate "2025.02.20"]
[SourceVersion "1"]
[SourceVersionDate "2025.02.20"]
[SourceQuality "1"]

1. e4 d5 2. exd5 Qxd5 3. Nf3 Bg4 4. Be2 Nc6 5. h3 Bh5 6. d4 O-O-O 7. c4 Qd7 8. g4 Bg6 9. Be3 e6 10. Nc3 h5 11. gxh5 Bxh5 12. d5 exd5 13. cxd5 Qe8 14. Qa4 Bxf3 15. dxc6 Bxc6 16. Qxa7 Nf6 17. Rg1 Rxh3 18. Qa8+ Kd7 19. O-O-O+ Bd6 20. Qa5 Rh7 21. Bg5 Ke7 22. Rde1 Kf8 23. Bxf6 Bf4+ 24. Kb1 Be4+ 25. Ka1 gxf6 26. Qb4+ 1-0

[Event "GBR-ch110 Over 65"]
[Site "Hull"]
[Date "2024.07.31"]
[Round "3.18"]
[White "Walkowiak, Adam"]
[Black "Lawson, Maurice E"]
[Result "1-0"]
[WhiteElo "1722"]
[BlackElo "1953"]
[PlyCount "101"]
[EventDate "2024.07.29"]
[EventType "swiss"]
[EventRounds "7"]
[EventCountry "GBR"]
[SourceTitle "BritBase"]
[Source "John Saunders"]
[SourceDate "2025.02.20"]
[SourceVersion "1"]
[SourceVersionDate "2025.02.20"]
[SourceQuality "1"]

1. d4 d5 2. c4 e6 3. Nc3 Nf6 4. cxd5 exd5 5. Bg5 Be7 6. Nf3 O-O 7. Qc2 c6 8. e3 Nbd7 9. Bd3 Re8 10. O-O Nf8 11. h3 Nh5 12. Bxe7 Qxe7 13. Rfe1 Nf6 14. Rab1 a5 15. Na4 Be6 16. Ne5 N6d7 17. f4 Nxe5 18. fxe5 h6 19. Nb6 Rad8 20. a3 Qc7 21. Qc5 Nd7 22. Nxd7 Bxd7 23. Rbc1 Rc8 24. Bb1 g6 25. Rf1 b6 26. Qc2 Bf5 27. Rxf5 gxf5 28. Qxf5 Re6 29. Qh7+ Kf8 30. Rf1 f6 31. Qxh6+ Qg7 32. Qxg7+ Kxg7 33. Bf5 Ree8 34. Bxc8 Rxc8 35. Rxf6 b5 36. Kf2 c5 37. Rd6 c4 38. Rxd5 b4 39. axb4 axb4 40. Rc5 Rxc5 41. dxc5 c3 42. bxc3 b3 43. c6 b2 44. c7 b1=Q 45. c8=Q Kg6 46. Qg4+ Kf7 47. Qf4+ Ke8 48. Kg3 Qe1+ 49. Kh2 Qxc3 50. e6 Kd8 51. Qd4+ 1-0

[Event "GBR-ch110 Over 65"]
[Site "Hull"]
[Date "2024.07.31"]
[Round "3.19"]
[White "Habershon, Paul F"]
[Black "Stevens, Brian"]
[Result "1/2-1/2"]
[WhiteElo "1936"]
[BlackElo "1812"]
[PlyCount "63"]
[EventDate "2024.07.29"]
[EventType "swiss"]
[EventRounds "7"]
[EventCountry "GBR"]
[SourceTitle "BritBase"]
[Source "John Saunders"]
[SourceDate "2025.02.20"]
[SourceVersion "1"]
[SourceVersionDate "2025.02.20"]
[SourceQuality "1"]

1. e4 c6 2. d3 d5 3. Nd2 e5 4. Ngf3 Bd6 5. d4 exd4 6. Nxd4 Qe7 7. Qe2 Nf6 8. exd5 Qxe2+ 9. Bxe2 Nxd5 10. Nc4 Bc7 11. O-O O-O 12. Ne3 Nxe3 13. Bxe3 Re8 14. Rad1 Be5 15. Rd2 Nd7 16. Bf3 Bxd4 17. Bxd4 Nb6 18. b3 Bf5 19. c4 Rad8 20. Rfd1 Nc8 21. Be3 Rxd2 22. Rxd2 f6 23. h3 Kf7 24. g4 Be6 25. Kg2 g5 26. Kg3 a6 27. h4 h6 28. Rd1 Ne7 29. Rh1 Kg7 30. hxg5 hxg5 31. Be4 Ng6 32. Bxg6 1/2-1/2

[Event "GBR-ch110 Over 65"]
[Site "Hull"]
[Date "2024.07.31"]
[Round "3.20"]
[White "Bellers, Chris JV"]
[Black "Collins, Nigel"]
[Result "1-0"]
[WhiteElo "1933"]
[BlackElo "1631"]
[PlyCount "55"]
[EventDate "2024.07.29"]
[EventType "swiss"]
[EventRounds "7"]
[EventCountry "GBR"]
[SourceTitle "BritBase"]
[Source "John Saunders"]
[SourceDate "2025.02.20"]
[SourceVersion "1"]
[SourceVersionDate "2025.02.20"]
[SourceQuality "1"]

1. c4 g6 2. g3 c5 3. Bg2 Bg7 4. Nc3 Nc6 5. a3 b6 6. e3 Bb7 7. Nge2 Na5 8. Bxb7 Nxb7 9. d4 Nf6 10. d5 O-O 11. O-O Ne8 12. e4 e6 13. f4 exd5 14. Nxd5 Nc7 15. Nec3 Nxd5 16. Nxd5 Na5 17. Qd3 Nc6 18. Rb1 f5 19. e5 Ne7 20. Be3 Re8 21. Rfd1 Nc6 22. Nc3 Re7 23. b4 Bxe5 24. fxe5 Nxe5 25. Qd5+ Kh8 26. Bg5 Nxc4 27. Bf6+ Rg7 28. Bxd8 1-0

[Event "GBR-ch110 Over 65"]
[Site "Hull"]
[Date "2024.07.31"]
[Round "3.21"]
[White "Procter, Colin S"]
[Black "Myall, Ivan J"]
[Result "1/2-1/2"]
[WhiteElo "1864"]
[BlackElo "1935"]
[PlyCount "116"]
[EventDate "2024.07.29"]
[EventType "swiss"]
[EventRounds "7"]
[EventCountry "GBR"]
[SourceTitle "BritBase"]
[Source "John Saunders"]
[SourceDate "2025.02.20"]
[SourceVersion "1"]
[SourceVersionDate "2025.02.20"]
[SourceQuality "1"]

1. c3 Nf6 2. d4 d6 3. Bf4 Nbd7 4. e3 e5 5. Bg3 Ne4 6. dxe5 Nxg3 7. hxg3 Nxe5 8. Nf3 Qf6 9. Nxe5 dxe5 10. Nd2 Be7 11. Qf3 Qxf3 12. gxf3 a6 13. Bh3 f5 14. e4 g6 15. O-O-O O-O 16. Bf1 b5 17. exf5 Bxf5 18. g4 Be6 19. b3 Bg5 20. Kc2 Bxd2 21. Rxd2 Rae8 22. c4 b4 23. Bg2 e4 24. fxe4 Bxg4 25. f3 Bxf3 26. Bxf3 Rxf3 27. Rd7 Rf2+ 28. Kd3 h5 29. Rg1 Re6 30. Rxc7 h4 31. Ke3 Rh2 32. Rd1 Re8 33. Rdd7 Rg2 34. Rg7+ Kh8 35. Rh7+ Kg8 36. Rxh4 Rg3+ 37. Kf4 g5+ 38. Kxg3 gxh4+ 39. Kxh4 Rxe4+ 40. Kg5 Re2 41. Kf6 Rxa2 42. Rb7 a5 43. Rb5 Ra3 44. Ke6 Rxb3 45. Rxa5 Rh3 46. Rb5 b3 47. c5 Rh6+ 48. Kd7 Rh7+ 49. Kc6 Rh6+ 50. Kb7 Rh7+ 51. Kb6 Kf8 52. c6 Ke8 53. Rxb3 Kd8 54. Ra3 Rc7 55. Ra8+ Rc8 56. Ra7 Rb8+ 57. Kc5 Rb1 58. Rb7 Rxb7 1/2-1/2

[Event "GBR-ch110 Over 65"]
[Site "Hull"]
[Date "2024.07.31"]
[Round "3.22"]
[White "Clancy, Martin J"]
[Black "Moyse, Nigel J"]
[Result "0-1"]
[WhiteElo "1815"]
[BlackElo "1930"]
[PlyCount "116"]
[EventDate "2024.07.29"]
[EventType "swiss"]
[EventRounds "7"]
[EventCountry "GBR"]
[SourceTitle "BritBase"]
[Source "John Saunders"]
[SourceDate "2025.02.20"]
[SourceVersion "1"]
[SourceVersionDate "2025.02.20"]
[SourceQuality "1"]

1. e4 e6 2. d4 d5 3. Nd2 c5 4. Ngf3 c4 5. c3 b5 6. exd5 exd5 7. Ne5 Nf6 8. g3 Bd6 9. Bg2 Qc7 10. O-O Bb7 11. Ng4 Ng8 12. Re1+ Ne7 13. Ne3 O-O 14. Qh5 Nd7 15. Bh3 Nf6 16. Qf3 Ne4 17. Qh5 g6 18. Qh6 f5 19. f4 Kh8 20. Nxe4 dxe4 21. Bf1 Rf7 22. Bd2 Rg8 23. b3 Nd5 24. bxc4 Nxe3 25. Bxe3 bxc4 26. Qh3 Bd5 27. Qg2 g5 28. fxg5 f4 29. gxf4 Bxf4 30. h4 Bg3 31. Be2 Bxh4 32. Rf1 Bxg5 33. Bxg5 Rxg5 34. Qxg5 Rg7 35. Rf8+ Bg8 36. Rf5 Rxg5+ 37. Rxg5 Qf4 38. Rg2 Bf7 39. Rf1 Qe3+ 40. Rgf2 Bg6 41. d5 Qxc3 42. Rd1 Qg3+ 43. Kf1 Bf5 44. Rxf5 Qh3+ 45. Ke1 Qxf5 46. d6 e3 47. Rd4 Qb1+ 48. Rd1 Qb4+ 49. Kf1 c3 50. d7 Qf4+ 51. Kg1 Qg5+ 52. Kf1 Qf6+ 53. Kg1 Qd8 54. Bg4 Kg7 55. Rc1 Qg5 56. Kh2 h5 57. Be2 Qf4+ 58. Kg2 Qg5+ 0-1

[Event "GBR-ch110 Over 65"]
[Site "Hull"]
[Date "2024.07.31"]
[Round "3.23"]
[White "Matthews, Gabriel"]
[Black "Kenning, Paul H"]
[Result "1-0"]
[WhiteElo "1917"]
[BlackElo "1776"]
[PlyCount "99"]
[EventDate "2024.07.29"]
[EventType "swiss"]
[EventRounds "7"]
[EventCountry "GBR"]
[SourceTitle "BritBase"]
[Source "John Saunders"]
[SourceDate "2025.02.20"]
[SourceVersion "1"]
[SourceVersionDate "2025.02.20"]
[SourceQuality "1"]

1. d4 d5 2. Nf3 Nc6 3. e3 Bg4 4. Bb5 a6 5. Bxc6+ bxc6 6. c4 Bxf3 7. Qxf3 Nf6 8. Nc3 e6 9. O-O Be7 10. Bd2 O-O 11. Rac1 Rb8 12. b3 Re8 13. Rfd1 Bf8 14. e4 dxe4 15. Nxe4 Qxd4 16. Nxf6+ Qxf6 17. Qxc6 Rbd8 18. Be3 Rxd1+ 19. Rxd1 Rd8 20. Rc1 Qb2 21. g3 Qxa2 22. Qxc7 Rd3 23. c5 Qxb3 24. Qf4 Rd1+ 25. Rxd1 Qxd1+ 26. Kg2 Qd5+ 27. Qf3 Qxf3+ 28. Kxf3 Be7 29. c6 Bd8 30. Bf4 a5 31. c7 Bxc7 32. Bxc7 a4 33. Bd6 f6 34. h4 Kf7 35. Ke4 g6 36. Ba3 h6 37. Kd4 h5 38. Kc5 g5 39. Kd6 gxh4 40. gxh4 e5 41. Kd5 Kg7 42. Ke6 Kg6 43. Bf8 e4 44. Be7 f5 45. Bd6 a3 46. Bxa3 f4 47. Bc1 e3 48. Bxe3 fxe3 49. fxe3 Kg7 50. e4 1-0

[Event "GBR-ch110 Over 65"]
[Site "Hull"]
[Date "2024.07.31"]
[Round "3.24"]
[White "Winter, Malcolm J"]
[Black "Fryer, David W"]
[Result "0-1"]
[WhiteElo "1776"]
[BlackElo "1916"]
[PlyCount "64"]
[EventDate "2024.07.29"]
[EventType "swiss"]
[EventRounds "7"]
[EventCountry "GBR"]
[SourceTitle "BritBase"]
[Source "John Saunders"]
[SourceDate "2025.02.20"]
[SourceVersion "1"]
[SourceVersionDate "2025.02.20"]
[SourceQuality "1"]

1. d4 f5 2. Nf3 e6 3. e3 Nf6 4. Be2 b6 5. O-O Bb7 6. c4 a5 7. Nc3 Bb4 8. a3 Bxc3 9. bxc3 Ne4 10. Bb2 d6 11. Rb1 Nd7 12. Nd2 Nxd2 13. Qxd2 O-O 14. Rbe1 Rf6 15. Qd1 Rh6 16. Bf3 Qh4 17. h3 Bxf3 18. Qxf3 Rf8 19. Bc1 Rg6 20. Kh2 Qe7 21. a4 e5 22. Ba3 e4 23. Qe2 Nf6 24. g3 c5 25. Rb1 Nd7 26. Qb2 Rh6 27. Qe2 Qe6 28. Kg2 f4 29. Qg4 f3+ 30. Kg1 Qxg4 31. hxg4 Rh3 32. g5 Rf5 0-1

[Event "GBR-ch110 Over 65"]
[Site "Hull"]
[Date "2024.07.31"]
[Round "3.25"]
[White "Stimpson, Philip M"]
[Black "Hall, Alan A"]
[Result "1-0"]
[WhiteElo "1915"]
[BlackElo "1801"]
[PlyCount "99"]
[EventDate "2024.07.29"]
[EventType "swiss"]
[EventRounds "7"]
[EventCountry "GBR"]
[SourceTitle "BritBase"]
[Source "John Saunders"]
[SourceDate "2025.02.20"]
[SourceVersion "1"]
[SourceVersionDate "2025.02.20"]
[SourceQuality "1"]

1. d4 Nf6 2. Nc3 d5 3. Bf4 e6 4. e3 Bb4 5. Bd3 O-O 6. Nf3 c5 7. dxc5 Bxc5 8. Nb5 Na6 9. O-O Bd7 10. c3 Bxb5 11. Bxb5 Nc7 12. Bd3 Bd6 13. Ne5 Nce8 14. Bc2 Qc7 15. Qd4 Nh5 16. Nd3 Nxf4 17. exf4 Nf6 18. Ne5 Bc5 19. Qd3 g6 20. Rae1 Rad8 21. g3 d4 22. c4 b5 23. Bb3 b4 24. Bd1 a5 25. b3 Rd6 26. Bf3 Rfd8 27. Re2 Ra6 28. Rfe1 Kg7 29. h3 Rdd6 30. Kg2 Qa7 31. g4 a4 32. h4 axb3 33. axb3 Ra2 34. h5 Rxe2 35. Rxe2 Qc7 36. Ra2 Nd7 37. h6+ Kf8 38. Ra8+ Ke7 39. Qe4 Nf6 40. Qd3 Nd7 41. Qe4 Nf6 42. Nc6+ Kd7 43. Qe5 Rxc6 44. Qxf6 d3 45. Qxf7+ Be7 46. Qe8+ Kd6 47. Qxc6+ Qxc6 48. Bxc6 Kxc6 49. Kf3 Bf6 50. Ke3 1-0

[Event "GBR-ch110 Over 65"]
[Site "Hull"]
[Date "2024.07.31"]
[Round "3.26"]
[White "Tidmarsh, David A"]
[Black "De Coverly, Roger D"]
[Result "0-1"]
[WhiteElo "1839"]
[BlackElo "1902"]
[PlyCount "74"]
[EventDate "2024.07.29"]
[EventType "swiss"]
[EventRounds "7"]
[EventCountry "GBR"]
[SourceTitle "BritBase"]
[Source "John Saunders"]
[SourceDate "2025.02.20"]
[SourceVersion "1"]
[SourceVersionDate "2025.02.20"]
[SourceQuality "1"]

1. e4 e5 2. Nf3 d6 3. Nc3 Nf6 4. d4 exd4 5. Nxd4 g6 6. f3 Bg7 7. Be3 O-O 8. Qd2 d5 9. Nb3 dxe4 10. fxe4 Qxd2+ 11. Nxd2 Re8 12. Be2 c6 13. h3 Nbd7 14. Bc4 b5 15. Bd3 a5 16. O-O a4 17. a3 h5 18. Rae1 Nh7 19. Re2 Ne5 20. Ref2 Be6 21. Be2 Nf8 22. Nd1 Nfd7 23. Kh1 Rab8 24. Rg1 Nc4 25. Nxc4 Bxc4 26. Bf3 Ne5 27. Bf4 Rb7 28. Bxe5 Bxe5 29. c3 Bg3 30. Rd2 Bf4 31. Rf2 h4 32. Be2 Bg3 33. Bxc4 Bxf2 34. Nxf2 bxc4 35. Rb1 Rd8 36. Kg1 Rd2 37. Kf1 Rbxb2 0-1

[Event "GBR-ch110 Over 65"]
[Site "Hull"]
[Date "2024.07.31"]
[Round "3.27"]
[White "Di Mattia, Luciano DM"]
[Black "Dennis, Nigel W"]
[Result "0-1"]
[WhiteElo "1674"]
[BlackElo "1865"]
[PlyCount "128"]
[EventDate "2024.07.29"]
[EventType "swiss"]
[EventRounds "7"]
[EventCountry "GBR"]
[SourceTitle "BritBase"]
[Source "John Saunders"]
[SourceDate "2025.02.20"]
[SourceVersion "1"]
[SourceVersionDate "2025.02.20"]
[SourceQuality "1"]

1. e4 c5 2. Nf3 d6 3. c3 Nf6 4. Bb5+ Bd7 5. Bxd7+ Nbxd7 6. d3 e6 7. O-O Be7 8. Re1 O-O 9. h3 Qc7 10. Bf4 Rfc8 11. e5 Nd5 12. exd6 Bxd6 13. Bxd6 Qxd6 14. Ng5 N7f6 15. Nd2 Nf4 16. d4 cxd4 17. Nde4 Nxe4 18. Nxe4 Qd5 19. Qxd4 Qxd4 20. cxd4 Rc2 21. Rab1 Ne2+ 22. Kf1 Nxd4 23. Nc3 Nc6 24. Red1 Rd8 25. Rxd8+ Nxd8 26. Ke1 Kf8 27. Ne2 Ke7 28. Nd4 Rc8 29. Ke2 Nc6 30. Nb5 Rd8 31. Ke3 a6 32. Nc3 Nb4 33. a3 Nd5+ 34. Kd4 Nxc3+ 35. Kxc3 h5 36. Re1 g6 37. Re4 Rd1 38. Rc4 Rc1+ 39. Kd3 Rxc4 40. Kxc4 Kd6 41. b4 b5+ 42. Kd4 e5+ 43. Kc3 Kd5 44. Kb3 Kd4 45. a4 e4 46. axb5 axb5 47. g4 hxg4 48. hxg4 f6 49. Kc2 Kc4 50. Kd2 Kxb4 51. Ke3 Kc3 52. Kxe4 b4 53. Kd5 b3 54. Ke6 b2 55. f4 b1=Q 56. f5 Qb6+ 57. Kf7 gxf5 58. gxf5 Kd4 59. Kg6 Ke5 60. Kf7 Kxf5 61. Kg7 Qb7+ 62. Kf8 Qa7 63. Ke8 Ke6 64. Kf8 Qf7# 0-1

[Event "GBR-ch110 Over 65"]
[Site "Hull"]
[Date "2024.07.31"]
[Round "3.28"]
[White "Georgiou, Denis"]
[Black "Greatorex, Roger"]
[Result "1-0"]
[WhiteElo "1854"]
[BlackElo "1798"]
[PlyCount "51"]
[EventDate "2024.07.29"]
[EventType "swiss"]
[EventRounds "7"]
[EventCountry "GBR"]
[SourceTitle "BritBase"]
[Source "John Saunders"]
[SourceDate "2025.02.20"]
[SourceVersion "1"]
[SourceVersionDate "2025.02.20"]
[SourceQuality "1"]

1. e4 e6 2. d4 d5 3. Nc3 Nf6 4. Bg5 Bb4 5. e5 h6 6. Bd2 Bxc3 7. bxc3 Ne4 8. Qg4 Kf8 9. Bd3 Nxd2 10. Kxd2 c5 11. h4 Nc6 12. Qf4 Kg8 13. Nf3 Bd7 14. dxc5 Qc7 15. Rhe1 f6 16. Qe3 fxe5 17. Nxe5 Nxe5 18. Qxe5 Qxc5 19. Re3 Rf8 20. Rf1 Rf6 21. h5 Qf8 22. f4 a6 23. Bg6 Rxg6 24. hxg6 h5 25. Rff3 Rh6 26. f5 1-0

[Event "GBR-ch110 Over 65"]
[Site "Hull"]
[Date "2024.08.01"]
[Round "4.1"]
[White "Jackson, Oliver A"]
[Black "Smith, Andrew P"]
[Result "0-1"]
[WhiteElo "2075"]
[BlackElo "2037"]
[PlyCount "102"]
[EventDate "2024.07.29"]
[EventType "swiss"]
[EventRounds "7"]
[EventCountry "GBR"]
[SourceTitle "BritBase"]
[Source "John Saunders"]
[SourceDate "2025.02.20"]
[SourceVersion "1"]
[SourceVersionDate "2025.02.20"]
[SourceQuality "1"]

1. e4 e5 2. f4 d5 3. exd5 exf4 4. Nf3 c6 5. d4 Bd6 6. Nc3 Ne7 7. Bc4 cxd5 8. Bxd5 Nxd5 9. Nxd5 Qa5+ 10. Nc3 O-O 11. O-O Nc6 12. Ne4 Bc7 13. c3 Qf5 14. Qd3 Re8 15. Nf2 h6 16. Bd2 Qxd3 17. Nxd3 g5 18. Rae1 Bf5 19. Rxe8+ Rxe8 20. Re1 Rxe1+ 21. Nfxe1 f6 22. Kf2 Kf7 23. Nc5 b6 24. Nb3 a5 25. d5 Ne5 26. Nd4 Be4 27. Nb5 Bb8 28. d6 Nc4 29. d7 Ke7 30. Bc1 Kxd7 31. b3 Ne5 32. h3 Nd3+ 33. Nxd3 Bxd3 34. Nd4 b5 35. Ke1 Be5 36. Bb2 Kd6 37. Nf3 Be4 38. Kf2 Bxf3 39. Kxf3 b4 40. cxb4 Bxb2 41. bxa5 f5 42. b4 Kc6 43. a4 Bc3 44. b5+ Kb7 45. a6+ Kb6 46. Ke2 Bd4 47. Kd3 Bg1 48. Kc4 g4 49. hxg4 fxg4 50. Kd3 f3 51. gxf3 g3 0-1